00234nam a2200085 4500008004100000040005500041080001000096245003400106300000800140240910b |||||||| |||| 00| 0 eng d aNational Science LibrarycNational Science Library a581-9 aHorti malabarich pars octava  b89p